logo

Bir Sreshtho Munshi Abdur Rouf Library
Jhenaidah Cadet College

Historical Atlas and Gazetteer / (Record no. 4848)

MARC details
000 -LEADER
fixed length control field 00621nam a2200229 a 4500
001 - CONTROL NUMBER
JCCL Control Number 4848
003 - CONTROL NUMBER IDENTIFIER
JCCL marc code BD-JhCC
005 - DATE AND TIME OF LATEST TRANSACTION
control field 20180417184933.0
008 - FIXED-LENGTH DATA ELEMENTS--GENERAL INFORMATION
fixed length control field 171204s19591967e b|||| || | 001 0 eng d
035 ## - SYSTEM CONTROL NUMBER
system control number (BD-JhCC)4848
040 ## - CATALOGING SOURCE
Original cataloging agency BD-JhCC
Modifying agency BD-JhCC
041 ## - LANGUAGE CODE
Language code of Book eng
082 ## - DEWEY DECIMAL CLASSIFICATION NUMBER
Classification number 901
Author mark and Year TOY 1967
100 ## - MAIN ENTRY--PERSONAL NAME
Personal name Toynbee, Arnold J.
245 ## - TITLE STATEMENT
Title Historical Atlas and Gazetteer /
Statement of responsibility, etc Arnold J. Toynbee, & Edward D. Myers
260 ## - PUBLICATION, DISTRIBUTION, ETC. (IMPRINT)
Place of publication, distribution, etc London :
Name of publisher, distributor, etc Oxford University Press,
Date of publication, distribution, etc 1967.
300 ## - PHYSICAL DESCRIPTION
Pagination 257 p. :
Dimensions 25 cm.
650 ## - SUBJECT ADDED ENTRY--TOPICAL TERM
Topical term or geographic name as entry element Historical Geography
700 ## - ADDED ENTRY--PERSONAL NAME
Personal name Myers, Edward D.
942 ## - ADDED ENTRY ELEMENTS (KOHA)
Source of classification or shelving scheme Dewey Decimal Classification
Koha item type Reference
Holdings
Source of classification or shelving scheme Damaged status Not for loan Home library Current library Shelving location Date of accession Total Checkouts Full call number Barcode Date last seen Copy number Koha item type
Dewey Decimal Classification     JCC Rouf Library JCC Rouf Library General Stacks 12/04/2017   901 TOY 1967 6660 12/04/2017 C- 1 Reference

JCC Library | Contacts | JCC Home

Last Update on 23 September 2017
Copyright @ 2017-2020 JCC Rouf Library
Rouf Library, Jhenidah Cadet College (JCC), Bangladesh